[Event "AUTO-ADV-4922"]
[Site "http://www.queenalice.com/game.php?id=1870113"]
[Date "2026.3.5"]
[Round "1"]
[White "WHUSIRO"]
[Black "maurice916"]
[Result "1-0"]
[WhiteElo "1923"]
[BlackElo "1864"]

1. e4 c6 2. d4 d5 3. exd5 cxd5 4. h3 Nf6 5. Nf3 h6 6. Bd3 Nc6 7. c3 Ne4 8. Bxe4
dxe4 9. Nh2 Bf5 10. Bf4 e6 11. Qe2 Be7 12. g4 Bh7 13. Nd2 f5 14. f3 g5 15. Be5
Nxe5 16. dxe5 Qb6 17. Nb3 exf3 18. Qxf3 f4 19. Qf2 Qb5 20. Qe2 Qd5 21. Rf1 Bd3
22. Qd2 Bxf1 23. Qxd5 exd5 24. Kxf1 Kf7 25. Nf3 Rhd8 26. Rd1 Ke6 27. Nbd4+ Kf7
28. Kg2 Bc5 29. Kf2 a5 30. a3 b5 31. Ke2 b4 32. e6+ Kf6 33. Kd3 bxc3 34. bxc3
Bxd4 35. Nxd4 Rac8 36. Re1 Re8 37. Rb1 Re7 38. Rb2 Rcc7 39. Rb5 a4 40. Rxd5 Rxe6
41. Nxe6 Kxe6 42. c4 Rf7 43. Ke2 Rc7 44. Rd4 Ke5 45. Rd5+ Ke6 46. Kd3 Rf7 47.
Ke2 Rb7 48. Rd3 Rb2+ 49. Kf3 Rb3 50. Ke2 Rb2+ 51. Kf3 Rb3 52. Ke4 Rb1 53. c5
Re1+ 54. Kf3 Re3+ 55. Rxe3+ fxe3 56. Kxe3 Kd5 57. c6 Kxc6 58. Kd4 Kb5 59. Kd5
Kb6 60. Kc4 Ka5 61. Kc5 Ka6 62. Kb4 Kb6 63. Kxa4 Ka6 64. Kb4 Kb6 65. Kc4 Kc6 66.
Kd4 1-0

[Event "AUTO-ADV-4906"]
[Site "http://www.queenalice.com/game.php?id=1870397"]
[Date "2026.3.12"]
[Round "2"]
[White "carlitomontana93270"]
[Black "WHUSIRO"]
[Result "1-0"]
[WhiteElo "1851"]
[BlackElo "1851"]

1. c4 e5 2. d3 h6 3. g3 Nf6 4. Bg2 Bb4+ 5. Bd2 Bxd2+ 6. Nxd2 Nc6 7. Ngf3 d6 8.
O-O O-O 9. Re1 Re8 10. a3 a5 11. Qc2 Be6 12. Qc3 Qd7 13. b4 axb4 14. axb4 Ne7
15. Nh4 c6 16. Ne4 Nxe4 17. Bxe4 f5 18. Bg2 Rf8 19. e3 Qc7 20. Nf3 Rfd8 21. Rxa8
Rxa8 22. Ra1 Qc8 23. Ra3 Rxa3 24. Qxa3 Qb8 25. Qa5 b6 26. Qa3 Bd7 27. b5 c5 28.
Qa6 Kh7 29. Nh4 Bc8 30. Qa3 g5 31. Nf3 Bb7 32. Ne1 Bxg2 33. Nxg2 Kg7 34. h4 g4
35. d4 Ng6 36. dxc5 dxc5 37. Qd3 Qc7 38. Qxf5 Qd6 39. Qxg4 Kh7 40. Qe2 Kg7 41.
Ne1 Kh7 42. Nf3 Kg7 43. Qd2 Qf6 44. Kg2 e4 45. Qd7+ Ne7 46. Nh2 h5 47. Qb7 Qe6
48. Nf1 Kf6 49. Nd2 Kf5 50. Qc7 Kg6 51. Qd8 Nf5 52. Qg5+ Kf7 53. Qxh5+ Ke7 54.
Qh7+ 1-0

[Event "AUTO-ADV-4906"]
[Site "http://www.queenalice.com/game.php?id=1870398"]
[Date "2026.3.12"]
[Round "2"]
[White "WHUSIRO"]
[Black "carlitomontana93270"]
[Result "1/2-1/2"]
[WhiteElo "1902"]
[BlackElo "1868"]

1. e4 c5 2. Nf3 d6 3. d4 cxd4 4. Nxd4 Nc6 5. Bb5 Bd7 6. O-O g6 7. c3 Bg7 8. Be3
Nf6 9. h3 O-O 10. Na3 a6 11. Ba4 b5 12. Bc2 Nxd4 13. Bxd4 Bc6 14. Re1 e5 15. Be3
Nxe4 16. Bxe4 Bxe4 17. f4 f6 18. Nb1 Qd7 19. Nd2 Bc6 20. Qe2 exf4 21. Bxf4 Rfe8
22. Qd3 Rxe1+ 23. Rxe1 d5 24. Nf3 Re8 25. Qd2 Rxe1+ 26. Qxe1 Qe8 27. Kf2 Qxe1+
28. Kxe1 f5 29. Ne5 Bxe5 30. Bxe5 Kf7 31. Kf2 Ke6 32. Bd4 Bd7 1/2-1/2

[Event "AUTO-ADV-4906"]
[Site "http://www.queenalice.com/game.php?id=1870403"]
[Date "2026.3.12"]
[Round "2"]
[White "WHUSIRO"]
[Black "pomar"]
[Result "1/2-1/2"]
[WhiteElo "1921"]
[BlackElo "1944"]

1. e4 e6 2. d4 d5 3. exd5 Qxd5 4. c3 c5 5. Be3 cxd4 6. Qxd4 Nc6 7. Qxd5 exd5 8.
Bb5 a6 9. Ba4 Bd7 10. Ne2 Nf6 11. Nd2 Be7 12. h3 Ne5 13. Bxd7+ Nfxd7 14. O-O Nd3
15. Rab1 O-O 16. Nc1 N7e5 17. f4 Nxc1 18. Rbxc1 Nc4 19. Nxc4 dxc4 20. Rcd1 b5
21. Rd7 Bh4 22. Kh2 Rfe8 23. Bf2 Bxf2 24. Rxf2 g6 25. Rfd2 Re4 26. g3 Rae8 27.
Rd8 Kg7 28. Rxe8 Rxe8 29. Kg2 Re6 30. Kf2 1/2-1/2

[Event "AUTO-ADV-4906"]
[Site "http://www.queenalice.com/game.php?id=1870404"]
[Date "2026.3.12"]
[Round "2"]
[White "pomar"]
[Black "WHUSIRO"]
[Result "1-0"]
[WhiteElo "1926"]
[BlackElo "1937"]

1. f3 d5 2. Kf2 e5 3. e3 d4 4. g3 dxe3+ 5. Kxe3 Bc5+ 6. Ke2 Nf6 7. d3 Qd4 8. Qe1
Qd6 9. Bh3 Nc6 10. Kf1 Nd4 11. Qd1 Bxh3+ 12. Nxh3 h6 13. Kg2 Qc6 14. Re1 Ng4 15.
c3 Ne6 16. Ng1 Nf2 17. Qe2 f6 18. d4 Bb6 19. Kxf2 O-O 20. Kg2 Rfe8 21. dxe5 Nf4+
22. gxf4 1-0

[Event "AUTO-ADV-4906"]
[Site "http://www.queenalice.com/game.php?id=1870405"]
[Date "2026.3.12"]
[Round "2"]
[White "WHUSIRO"]
[Black "Pin"]
[Result "0-1"]
[WhiteElo "1893"]
[BlackElo "2022"]

1. e4 c5 2. Nf3 d6 3. d4 cxd4 4. Nxd4 Nf6 5. Bd3 e5 6. Nb3 Be6 7. Bg5 Be7 8. O-O
O-O 9. f4 exf4 10. Bxf4 Nbd7 11. Kh1 Ne5 12. Nd4 Nxd3 13. cxd3 Bd7 14. Nc3 a6
15. h3 Ne8 16. Qf3 Nc7 17. Be3 Ne6 18. Nde2 b5 19. Nd5 Ng5 20. Nxe7+ Qxe7 21.
Bxg5 Qxg5 22. Qf4 Qxf4 23. Nxf4 Rac8 24. Rac1 g5 25. Nd5 Kg7 26. Kh2 Be6 27. a3
Bxd5 28. exd5 f5 29. Rc6 Rxc6 30. dxc6 Kf6 31. d4 d5 32. Re1 Rc8 33. Rc1 Rc7 34.
Rc5 Ke6 35. Kg3 Kd6 36. Kf3 Rxc6 37. Rc3 Rxc3+ 38. bxc3 h5 39. Ke3 Ke6 40. Kf3
f4 41. g4 hxg4+ 42. hxg4 Kd6 43. Kf2 a5 44. Ke2 Kc6 45. Kd3 b4 46. axb4 axb4 47.
cxb4 Kb5 48. Kc3 Ka4 49. b5 Kxb5 50. Kd3 Kb4 0-1

[Event "AUTO-ADV-4906"]
[Site "http://www.queenalice.com/game.php?id=1870406"]
[Date "2026.3.12"]
[Round "2"]
[White "Pin"]
[Black "WHUSIRO"]
[Result "1-0"]
[WhiteElo "2010"]
[BlackElo "1922"]

1. e4 c5 2. Nf3 d6 3. d4 cxd4 4. Qxd4 Nc6 5. Bb5 Bd7 6. Bxc6 bxc6 7. Nc3 Nf6 8.
Bg5 e5 9. Qd2 Be7 10. O-O-O a5 11. Bxf6 Bxf6 12. Qxd6 Qe7 13. Qxe7+ Kxe7 14. Na4
Rab8 15. Nc5 Rhd8 16. h3 Be8 17. g4 h6 18. h4 g6 19. g5 Bg7 20. Kb1 Rxd1+ 21.
Rxd1 Rd8 22. Rxd8 Kxd8 23. gxh6 Bh8 24. a4 f5 25. exf5 gxf5 26. Nb7+ Ke7 27.
Nxa5 c5 28. b3 Kf6 29. Nc4 e4 30. Ng5 Bc6 31. Kc1 Kg6 32. Ne6 Bd4 33. Ne3 Bb7
34. Nf4+ Kxh6 35. Ne6 Kh5 36. Nxd4 cxd4 37. Nxf5 1-0

[Event "AUTO-ADV-4928"]
[Site "http://www.queenalice.com/game.php?id=1871489"]
[Date "2026.4.5"]
[Round "1"]
[White "zubarev"]
[Black "WHUSIRO"]
[Result "1/2-1/2"]
[WhiteElo "1983"]
[BlackElo "1917"]

1. d4 Nf6 2. Nc3 d5 3. Nf3 c6 4. e3 Bg4 5. Be2 e6 6. O-O h6 7. h3 Bxf3 8. Bxf3
Be7 9. Bd2 Nbd7 10. Re1 Qc7 11. e4 dxe4 12. Nxe4 Nxe4 13. Bxe4 Nf6 14. c3 Nxe4
15. Rxe4 Bf6 16. Bf4 Qd7 17. Qb3 O-O 18. Be5 Bxe5 19. Rxe5 Rab8 20. Rae1 Rfe8
21. Qa3 b6 22. b3 Qe7 1/2-1/2

[Event "AUTO-ADV-4928"]
[Site "http://www.queenalice.com/game.php?id=1871490"]
[Date "2026.4.5"]
[Round "1"]
[White "WHUSIRO"]
[Black "zubarev"]
[Result "1/2-1/2"]
[WhiteElo "1914"]
[BlackElo "1986"]

1. e4 e5 2. Nf3 Nc6 3. Bb5 d6 4. h3 Bd7 5. d4 Be7 6. dxe5 Nxe5 7. Bxd7+ Qxd7 8.
Nxe5 dxe5 9. Qxd7+ Kxd7 10. O-O Bf6 11. Be3 Ne7 12. Rd1+ Ke6 13. Nc3 Nc6 14. Nd5
Rac8 15. c3 Ne7 16. g4 h6 17. Nxf6 Kxf6 18. Rd7 Rhe8 19. Rad1 b6 20. Kg2 Kg6 21.
h4 Kh7 22. f3 1/2-1/2

[Event "AUTO-ADV-4928"]
[Site "http://www.queenalice.com/game.php?id=1871509"]
[Date "2026.4.5"]
[Round "1"]
[White "WHUSIRO"]
[Black "maurice916"]
[Result "0-1"]
[WhiteElo "1917"]
[BlackElo "1890"]

1. e4 c6 2. d4 d5 3. e5 c5 4. Nf3 cxd4 5. Nxd4 Nc6 6. Bb5 Bd7 7. c3 e6 8. Be3
Nxe5 9. Bxd7+ Nxd7 10. Nd2 Ngf6 11. h3 Rc8 12. Qb3 b6 13. Qb5 Be7 14. Nc6 Qc7
15. Nxe7 Kxe7 16. O-O Rhe8 17. Bg5 Kf8 18. Qd3 Kg8 19. Nf3 Ne4 20. Be3 Nec5 21.
Qc2 Ne4 22. Nd2 Ndf6 23. Rfe1 Nxd2 24. Qxd2 Ne4 25. Qc2 b5 26. f3 Nf6 27. Bf2 a5
28. Qd3 b4 29. Bd4 e5 30. Bf2 bxc3 31. bxc3 Qxc3 32. Qxc3 Rxc3 33. Rec1 Rec8 34.
Rxc3 Rxc3 35. Be1 Rc5 36. Rb1 h6 37. Kf2 Rc2+ 38. Kg3 Rxa2 39. Rb5 a4 40. Ra5 g5
41. Bb4 Kg7 42. Ra6 Nh5+ 43. Kh2 Nf4 0-1

[Event "AUTO-ADV-4928"]
[Site "http://www.queenalice.com/game.php?id=1871510"]
[Date "2026.4.5"]
[Round "1"]
[White "maurice916"]
[Black "WHUSIRO"]
[Result "1/2-1/2"]
[WhiteElo "1853"]
[BlackElo "1920"]

1. Nf3 g6 2. d4 Bg7 3. c4 Nf6 4. b3 d6 5. Bb2 b6 6. Nbd2 Bb7 7. Qc2 Nbd7 8. e4
e5 9. d5 a5 10. Bd3 Nc5 11. O-O Nxd3 12. Qxd3 O-O 13. h3 Nh5 14. g3 Bc8 15. Kg2
f5 16. Rfe1 Qd7 17. exf5 Rxf5 18. Rh1 Rf8 19. Ne4 Bh6 20. Bc1 Bg7 21. Bd2 Qe8
22. Qe2 Nf6 23. Rae1 Nxe4 24. Qxe4 Bf5 25. Qe2 Qf7 26. g4 Bd7 27. Ng5 Qe7 28. h4
h6 29. Ne4 Rf7 30. f3 Raf8 31. Ref1 Kh7 32. g5 h5 33. Be1 Bf5 34. Bg3 Qd7
1/2-1/2

[Event "AUTO-ADV-4931"]
[Site "http://www.queenalice.com/game.php?id=1872122"]
[Date "2026.4.17"]
[Round "1"]
[White "WHUSIRO"]
[Black "maurice916"]
[Result "0-1"]
[WhiteElo "1918"]
[BlackElo "1904"]

1. e4 c6 2. d4 d5 3. exd5 cxd5 4. Bd3 Nf6 5. h3 g6 6. Nf3 Bd7 7. O-O Bg7 8. c3
Nc6 9. Re1 O-O 10. Bf4 e6 11. Nbd2 Qb6 12. Qc2 Rfe8 13. a4 a6 14. b4 Rac8 15.
Nb3 Nxb4 16. Qe2 Nxd3 17. Qxd3 Qxb3 18. Reb1 Qxc3 19. Qxc3 Rxc3 20. Rxb7 Bc6 21.
Rc7 Rc4 22. a5 Bb5 23. Rc1 Rxc1+ 24. Rxc1 Ne4 0-1

[Event "AUTO-ADV-4931"]
[Site "http://www.queenalice.com/game.php?id=1872147"]
[Date "2026.4.17"]
[Round "1"]
[White "Capixabba789"]
[Black "WHUSIRO"]
[Result "0-1"]
[WhiteElo "1924"]
[BlackElo "1901"]

1. d4 Nf6 2. c4 e6 3. Nc3 c5 4. d5 d6 5. f4 exd5 6. cxd5 Bf5 7. Nf3 Nbd7 8. e3
Be7 9. Be2 O-O 10. O-O h6 11. Bd3 Bxd3 12. Qxd3 a6 13. Bd2 Re8 14. e4 Nb6 15. a3
c4 16. Qc2 Rc8 17. Rad1 Bf8 18. f5 Nbd7 19. Ne2 b5 20. Ng3 Nc5 21. Bc3 Ncxe4 22.
Nxe4 Nxe4 23. Bd4 Nf6 24. Bc3 Ng4 25. Bd2 Qb6+ 26. Kh1 Nf2+ 27. Rxf2 Qxf2 28. h3
Re2 29. Rg1 Rce8 30. Qd1 Be7 31. Be1 Qe3 32. Bd2 Qe4 33. Re1 Rxe1+ 34. Bxe1 Bf6
35. Bc3 Bxc3 36. bxc3 Qxf5 37. a4 Qd3 0-1

[Event "AUTO-ADV-4931"]
[Site "http://www.queenalice.com/game.php?id=1872148"]
[Date "2026.4.17"]
[Round "1"]
[White "WHUSIRO"]
[Black "Capixabba789"]
[Result "1/2-1/2"]
[WhiteElo "1900"]
[BlackElo "1947"]

1. e4 e5 2. Nf3 d6 3. d4 exd4 4. Nxd4 Nf6 5. Nc3 Be7 6. Bd3 Bd7 7. Bg5 c5 8. Nf5
Nc6 9. Nd5 Bxf5 10. Bxf6 Bxf6 11. Nxf6+ Qxf6 12. exf5 O-O 13. O-O Rab8 14. Rb1
Ne5 15. h3 Nxd3 16. Qxd3 Rfd8 17. Rfe1 1/2-1/2